000 00668nam a22002172 4500
001 0000002386
005 20151217151852.0
008 070410s xx 000 0 eng d
020 _a0751726796 :
_cKES 1,690
040 _aKABU
_cKABU
050 0 _aHF5667
_b.B672 2006
110 2 _aBPP Professional Education.
_@0000151469
245 1 0 _aPaper 2.6 Audit and internal review international stream for exams in December 2006 and June 2007.
250 _a6th ed.
260 _aLondon :
_bBPP,
_c2006.
300 _axxviii, 446 p.
650 0 _aAuditing.
_@0000151729
908 _a070410
950 _@1
999 _c5831
_d5831